| 000 | 01927nam a2200409 c 4500 | ||
|---|---|---|---|
| 003 | BLK | ||
| 005 | 20241018143751.0 | ||
| 008 | 180408b bul|||||r ||||||| ||bul|| | ||
| 010 | _aKNG00058080000 | ||
| 020 |
_a954-326-023-0 _bиздат.: Парадигма |
||
| 040 | _aBLK | ||
| 041 |
_aBUL _cBUL |
||
| 080 |
_aМислене. Представа - Абстракция. Подбор. Сравнение. Размисъл. Преценка. Мнение. Умозаключение. Индукция. Дедукция. Евристика. Мислене и говорене. Рефлексия (психол.) _b159.955 _x-053.4 _z159.955-053.4 |
||
| 080 |
_aБългарски език _b811.163.2 _x-085.5-053.4 _z811.163.2-085.5-053.4 |
||
| 100 | 1 |
_aКалчев, Пламен _eпърви автор _9368978 |
|
| 139 |
_aКалчев, Пламен _bК 20 |
||
| 245 | 1 | 0 |
_aГотовност за обучение в училище _bТест за оценка на когнитивни аспекти _cПламен Калчев. |
| 257 | _aBGR | ||
| 260 |
_аСофия _bПарадигма _c2005 _fВ. Търново : Фабер |
||
| 300 |
_a176 с. _bс табл. _c20 см |
||
| 380 | _a1 | ||
| 500 | _aОфс. изд. - Библиогр. с. 164-170. | ||
| 504 | _a164-170 | ||
| 650 | 4 |
_aПсихолингвистика, детска _9250708 |
|
| 650 | 4 |
_aДеца, предучилищна възраст - общуване и реч _9246128 |
|
| 653 | _aпредучилищна подготовка | ||
| 653 | _aдетска психология | ||
| 653 | _aезиково обучение | ||
| 653 | _aпсихолингвистика | ||
| 653 | _aпредучилищна възраст | ||
| 852 | _aЦб 226308 | ||
| 856 | 4 |
_qpdf _u |
|
| 856 | 4 |
_qpdf _u |
|
| 942 |
_cKNG _n0 _04 |
||
| 944 |
_aCR _c02.02.2006 _k30531 _lЦветелина Шанова |
||
| 944 |
_aED _c25.08.2008 _k |
||
| 999 |
_c54136 _d54136 |
||